Widok standardowy
Widok MARC
Pozycja Personal Name
Liczba rekordów, w których użyto hasła: 1
001 - Numer kontrolny
- control field: 40915
003 - Identyfikator numeru kontrolnego
- control field: NUKAT
005 - Data i czas ostatniej modyfikacji
- control field: 20260429144156.0
008 - Dane kontrolne kodowane (40 znaków)
- fixed length control field: 201201n||azznnbabn |a aaa |c
010 ## - Numer kontrolny Biblioteki Kongresu
- numer kontrolny LC: p 2020152616
024 7# - OTHER STANDARD IDENTIFIER
- Standard number or code: 21991113
- Source of number or code: viaf
035 ## - Numer systemowy
- numer systemowy: (PL)a1000000842601
040 ## - Instytucja sporządzająca rekord
- inst. przygot. dane do rek. khw: WA N
- język haseł przedmiotowych/tezaurus: DBN
- inst. wprow. rek. khw: WA N
043 ## - Kod obszaru geograficznego
- ISO code: HU
046 ## - Special dates
- Birth date: 1932
- Death date: 2005
100 1# - Hasło - nazwa osobowa
- nazwa osobowa w formie ujednoliconej: Pongrátz, Gergely
- daty biograficzne: (1932-2005)
368 ## - Other Attributes
- Other designation: Powstańcy węgierscy
370 ## - Associated place
- Country: Węgry
375 ## - Gender
- Gender: 1
- Source of term: iso5218
377 ## - Assoc lang
- Lang code: hun
670 ## - Źródło informacji
- źródło informacji: Zaułek Corvina 1956 / Gergely Pongrátz. - Warszawa, 2020.
- gdzie znaleziono informację: Informacje o autorze